Questions Faciles Version Foot - Statistiques

Statistiques générales
  • Ce quiz a été pris 202 fois
  • Le résultat moyen est 10 sur 10
Statistiques - réponses
Question Réponse % Correct
Quel club a le plus de LDC ? Real Madrid
100%
Qui est le sélectionneur de l'équipe de France ? Deschamps
99%
Qui a gagné le ballon d'or en 2022 ? Benzema
96%
Qui a mit un triplé à la finale de la coupe du monde 2022 Mbappe
96%
Dans quelle pays s'est déroulée la coupe du monde 2022 ? Qatar
96%
Combien de coupe du monde la France a t'elle gagné ? 2
95%
Quel joueur a le plus de ballon d'or ? Messi
95%
Quelle équipe a gagné le plus de coupe du monde ? Bresil
94%
Quel est le meilleur buteur de la LDC ? Ronaldo
91%
En quelle année Marseille on gagné la LDC ? 1993
89%
Aucun quiz correspondant
Distribution des résultats
% des personnes avec chaque résultat
Percentile par nombre de réponses
Votre historique - résultats
Vous n’avez pas pris ce quiz